| 000 | 00562nam a2200205Ia 4500 | ||
|---|---|---|---|
| 003 | IEPS | ||
| 005 | 20250703135322.0 | ||
| 008 | 250223s9999||||xx |||||||||||||| ||und|| | ||
| 020 | _a9789957064976 | ||
| 040 | _CIEPS | ||
| 041 | _aara | ||
| 082 | _a658 | ||
| 100 | _aالسكارنة بلال خلف | ||
| 245 | 0 | _aدراسات إدارية معاصرة | |
| 260 |
_aعمان _bدار المسيرة للنشر والتوزيع و الطباعة _c2010 |
||
| 300 |
_a432 ص. _c24 سم. |
||
| 653 | _aإدارة | ||
| 653 | _aادارة | ||
| 942 | _cكتاب | ||
| 999 |
_c13468 _d13468 |
||